000 00358 a2200157 4500
001 52559
020 _a
040 _cAnchieta - Pituba
100 _aEdilma
240 1 0 _a1ª Filosofia, III unidade
_lpor
245 1 0 _a1ª Filosofia, III unidade
300 _a6
362 0 _a2015
650 4 _aEducação, pesquisa e tópicos relacionados
942 _cBK
999 _c52559
_d52559